000 00424nam a2200157 a 4500
001 21360
005 20180713215104.0
008 140415s1975 000 0 spa d
041 _aspa
082 _a620.112
_bPRO
245 0 0 _aPROBLEMAS DE RESISTENCIA DE MATERIALES
250 _a2a ed.
260 _a[s.l.] :
_bMIR,
_c1975
300 _a467
650 1 4 _aDISEO DE ESTRUCTURAS
_xRESISTENCIA DE MATERIALES
999 _c21360
_d21360